000
00214nam a22000857a 4500
008
170206b xxu||||| |||| 00| 0 eng d
100
_9
2782
_a
Siddiq.N.
245
_a
Fastract Computer-6
260
_a
New Delhi
_b
Gurdas
_c
2009
999
_c
5979
_d
5979